[Event "PRO League Group Stage"]
[Site "chess.com INT"]
[Date "2019.03.14"]
[Round "10"]
[White "Herrera Reyes, Jose Antonio"]
[Black "Osmanodja, Filiz"]
[Result "0-1"]
[WhiteTitle "FM"]
[BlackTitle "WIM"]
[WhiteElo "2324"]
[BlackElo "2318"]
[WhiteTeam "Barcelona Raptors"]
[BlackTeam "Berlin Bears"]
[WhiteFideId "2274914"]
[BlackFideId "24633569"]
[EventDate "2019.01.08"]

1. Nf3 c5 2. g3 Nc6 3. Bg2 g6 4. d3 Bg7 5. c3 e5 6. O-O Nge7 7. a3 a5 8. a4 O-O
9. Na3 d5 10. e4 Be6 11. Re1 dxe4 12. dxe4 Qxd1 13. Rxd1 Rfd8 14. Be3 b6 15. Nd2
Nd4 16. Ndc4 Nc2 17. Nxb6 Nxa1 18. Rxa1 Rab8 19. Bxc5 Nc6 20. b4 axb4 21. cxb4
Bf8 22. Bxf8 Kxf8 23. a5 Nxb4 24. Nb5 Nc6 25. Nc7 Nxa5 26. Nxe6+ fxe6 27. Rxa5
Rd1+ 28. Bf1 Rxb6 29. Kg2 Rb2 30. Ra3 Rdd2 31. Rf3+ Ke7 32. h4 h6 33. Bc4 g5 34.
hxg5 hxg5 35. Bf1 g4 36. Ra3 Rxf2+ 37. Kg1 Rf3 38. Ra7+ Kf6 39. Ra8 Rxg3+ 40.
Kh1 Rb1 41. Kh2 Rf3 42. Bg2 Rc3 43. Rf8+ Kg7 44. Re8 Kf7 45. Ra8 Rb2 46. Kg1 Rg3
47. Ra7+ Kf6 48. Kh1 Rbxg2 49. Rf7+ Kg5 50. Rf5+ exf5 0-1

[Event "PRO League Group Stage"]
[Site "chess.com INT"]
[Date "2019.03.14"]
[Round "10"]
[White "Alekseenko, Kirill"]
[Black "Van Foreest, Jorden"]
[Result "1-0"]
[WhiteTitle "GM"]
[BlackTitle "GM"]
[WhiteElo "2637"]
[BlackElo "2612"]
[WhiteTeam "Baden-Baden Snowballs"]
[BlackTeam "Amsterdam Mosquitoes"]
[WhiteFideId "4135539"]
[BlackFideId "1039784"]
[EventDate "2019.01.08"]

1. e4 c5 2. Nf3 d6 3. d4 cxd4 4. Nxd4 Nf6 5. Nc3 a6 6. h3 e6 7. g4 Nfd7 8. Bg2
Be7 9. Be3 Nc6 10. Qe2 O-O 11. O-O-O Nde5 12. f4 Nxd4 13. Bxd4 Nc6 14. Be3 Bd7
15. Kb1 Rc8 16. g5 Na5 17. Bd4 b5 18. Qf2 Nc4 19. Ne2 e5 20. Bc3 b4 21. Bxb4 Rb8
22. Bc3 Rxb2+ 23. Ka1 Rxc2 24. Rc1 Rxc1+ 25. Rxc1 exf4 26. h4 Qb6 27. Bd4 Qb5
28. Nc3 Qb7 29. Nd5 Bb5 30. Qxf4 Rb8 31. h5 Bd8 32. g6 hxg6 33. hxg6 Be8 34. Rh1
Qxd5 1-0

[Event "PRO League Group Stage"]
[Site "chess.com INT"]
[Date "2019.03.14"]
[Round "10"]
[White "Klein, David"]
[Black "Donchenko, Alexander"]
[Result "0-1"]
[WhiteTitle "GM"]
[BlackTitle "GM"]
[WhiteElo "2492"]
[BlackElo "2604"]
[WhiteTeam "Amsterdam Mosquitoes"]
[BlackTeam "Baden-Baden Snowballs"]
[WhiteFideId "1003623"]
[BlackFideId "24603295"]
[EventDate "2019.01.08"]

1. d4 Nf6 2. c4 e6 3. Nc3 Bb4 4. f3 c5 5. d5 b5 6. e4 d6 7. Bd2 O-O 8. cxb5 exd5
9. exd5 Re8+ 10. Nge2 Nbd7 11. Qc2 Ne5 12. O-O-O a6 13. Ng3 c4 14. a3 Bxc3 15.
Bxc3 axb5 16. h3 Bb7 17. f4 Ng6 18. Qf2 Nxd5 19. Rxd5 Bxd5 20. h4 b4 21. Bxb4
Qf6 22. f5 Ne5 23. Bc3 Rxa3 24. bxa3 Nd3+ 25. Bxd3 Qxc3+ 26. Bc2 Qxa3+ 27. Kd1
c3 28. Ne2 Bc4 29. Nc1 Re5 30. Rh3 Rd5+ 31. Nd3 h6 32. Qb6 Qa1+ 33. Qb1 Qa7 34.
Ke2 Re5+ 35. Kf1 Rxf5+ 36. Rf3 Rxf3+ 37. gxf3 Qe3 38. Qb8+ Kh7 39. Qb1 Qxf3+ 40.
Kg1 g6 41. Ne1 Qe3+ 42. Kh2 Qf4+ 43. Kg1 Qxh4 44. Ng2 Qd4+ 45. Kh2 Be6 46. Qe1
h5 47. Qg3 d5 48. Qf4 Qxf4+ 49. Nxf4 Kg7 50. Kg3 Bf5 51. Bxf5 gxf5 52. Ne2 c2
53. Kf4 h4 54. Kf3 d4 55. Nc1 h3 56. Kg3 Kf6 57. Kxh3 Ke5 58. Kg3 Ke4 59. Kf2 d3
60. Ke1 Ke3 61. Nb3 d2+ 62. Nxd2 c1=Q# 0-1

[Event "PRO League Group Stage"]
[Site "chess.com INT"]
[Date "2019.03.14"]
[Round "10"]
[White "Kollars, Dmitrij"]
[Black "Admiraal, Miguoel"]
[Result "1/2-1/2"]
[WhiteTitle "GM"]
[BlackTitle "IM"]
[WhiteElo "2562"]
[BlackElo "2478"]
[WhiteTeam "Baden-Baden Snowballs"]
[BlackTeam "Amsterdam Mosquitoes"]
[WhiteFideId "12909572"]
[BlackFideId "1019716"]
[EventDate "2019.01.08"]

1. e4 c6 2. d4 d5 3. e5 Bf5 4. Nd2 e6 5. Nb3 Nd7 6. Nf3 Rc8 7. Be3 a6 8. Be2 c5
9. c3 c4 10. Nbd2 b5 11. O-O Bg6 12. g3 Ne7 13. Nh4 Nf5 14. Nxf5 Bxf5 15. f4 Bg6
16. g4 f5 17. Nf3 Be7 18. h3 O-O 19. Qe1 b4 20. Qg3 bxc3 21. bxc3 Rb8 22. Rf2
Rb2 23. Bd1 Qb6 24. Nh4 Rb1 25. Rxb1 Qxb1 26. Nxg6 hxg6 27. Rf1 Qd3 28. Bf2
Qxg3+ 29. Bxg3 Rb8 30. Ba4 Nb6 31. Rb1 Kf7 32. Kf1 Ba3 33. Be1 Be7 34. Kg2 Bd8
35. Bd1 Nd7 36. Rxb8 Nxb8 37. h4 fxg4 38. Bxg4 Nd7 39. Kh3 Be7 40. Bd2 Ba3 41.
Bd1 Nb6 42. Kg4 a5 43. Bc2 Nc8 44. Kg5 Be7+ 45. Kg4 Ba3 46. h5 gxh5+ 47. Kxh5
Ne7 48. Kg4 g6 49. Ba4 Nf5 50. Kf3 Bb2 51. Bc2 Nh4+ 52. Ke2 Nf5 53. Be1 Bc1 54.
Kf3 Bb2 55. Bd2 Ba3 1/2-1/2

[Event "PRO League Group Stage"]
[Site "chess.com INT"]
[Date "2019.03.14"]
[Round "10"]
[White "Lopez, Jasel"]
[Black "Agrest, Inna"]
[Result "1-0"]
[WhiteTitle "FM"]
[BlackTitle "WIM"]
[WhiteElo "2388"]
[BlackElo "2275"]
[WhiteTeam "Amsterdam Mosquitoes"]
[BlackTeam "Baden-Baden Snowballs"]
[WhiteFideId "15900045"]
[BlackFideId "1708830"]
[EventDate "2019.01.08"]

1. d4 Nf6 2. Bf4 g6 3. Nc3 d5 4. e3 Bg7 5. h4 h5 6. Nf3 Bf5 7. Bd3 Bg4 8. Be2 c6
9. Ne5 Bxe2 10. Qxe2 Nbd7 11. O-O-O Qa5 12. Kb1 Nxe5 13. Bxe5 b5 14. Qd3 b4 15.
Ne2 Qb6 16. f3 a5 17. e4 Qa6 18. Qe3 dxe4 19. Bxf6 Bxf6 20. fxe4 O-O 21. e5 Bg7
22. g4 b3 23. gxh5 bxc2+ 24. Kxc2 Rab8 25. Nc3 a4 26. h6 Bh8 27. h7+ Kg7 28. h5
c5 29. hxg6 Qxg6+ 30. Kc1 cxd4 31. Rxd4 a3 32. b3 Rfc8 33. Kd2 Qg2+ 34. Ne2 Qxh1
35. Qg5+ Kxh7 36. Rh4+ Qxh4 37. Qxh4+ Kg8 38. Qxe7 Rd8+ 39. Ke1 Rbc8 40. e6 fxe6
41. Qxe6+ Kf8 42. Qf5+ Ke7 43. Nf4 Kd6 44. Qd5+ Ke7 45. Qe6+ Kf8 46. Qh6+ Ke7
47. Ng6+ Kd7 48. Qh7+ Kd6 49. Qe7+ Kc6 50. Qxa3 Re8+ 51. Kf1 Rcd8 52. Qa6+ Kc7
53. Qa7+ Kc6 54. Qa4+ Kc7 55. Qc4+ Kb7 56. Qb4+ Kc7 57. Qc5+ Kb7 58. a4 Bd4 59.
Qb4+ Kc7 60. Qc4+ Kb7 61. Qb4+ Kc7 62. Ne7 Rf8+ 63. Ke2 Rfe8 64. Kf3 Rf8+ 65.
Kg4 Rfe8 66. Kf5 Bb6 67. Qc4+ Kb7 68. Qc6+ Ka7 69. Ke6 Be3 70. Qc7+ Ka6 71. b4
Bg5 72. b5# 1-0

[Event "PRO League Group Stage"]
[Site "chess.com INT"]
[Date "2019.03.14"]
[Round "10"]
[White "Tari, Aryan"]
[Black "Sebenik, Matej"]
[Result "1/2-1/2"]
[WhiteTitle "GM"]
[BlackTitle "GM"]
[WhiteElo "2625"]
[BlackElo "2540"]
[WhiteTeam "Norway Gnomes"]
[BlackTeam "Ljubljana Turtles"]
[WhiteFideId "1510045"]
[BlackFideId "14602296"]
[EventDate "2019.01.08"]

1. e4 c5 2. Nf3 Nc6 3. d4 cxd4 4. Nxd4 Nf6 5. Nc3 e5 6. Ndb5 d6 7. Bg5 a6 8. Na3
b5 9. Nd5 Be7 10. Bxf6 Bxf6 11. c3 Bg5 12. Nc2 Rb8 13. a4 bxa4 14. Ncb4 Nxb4 15.
cxb4 O-O 16. Rxa4 a5 17. h4 Bh6 18. b5 Kh8 19. Be2 Be6 20. g3 Rc8 21. Rc4 Rb8
22. Rc3 f5 23. exf5 Bxf5 24. O-O Be4 25. Re1 Qd7 26. Bg4 Bf5 27. Be2 Be4 28. Bg4
Bf5 29. Be2 Be4 1/2-1/2

[Event "PRO League Group Stage"]
[Site "chess.com INT"]
[Date "2019.03.14"]
[Round "10"]
[White "Pavasovic, Dusko"]
[Black "Christiansen, Johan-Sebastian"]
[Result "1/2-1/2"]
[WhiteTitle "GM"]
[BlackTitle "GM"]
[WhiteElo "2546"]
[BlackElo "2559"]
[WhiteTeam "Ljubljana Turtles"]
[BlackTeam "Norway Gnomes"]
[WhiteFideId "14600986"]
[BlackFideId "1512668"]
[EventDate "2019.01.08"]

1. e4 e6 2. d4 d5 3. Nd2 c5 4. Ngf3 cxd4 5. exd5 Qxd5 6. Bc4 Qd6 7. O-O Nf6 8.
Nb3 Nc6 9. Nbxd4 Nxd4 10. Nxd4 Be7 11. Re1 O-O 12. Be3 Qc7 13. Qe2 b6 14. Bb3
Bb7 15. c4 Rad8 16. Nb5 Qb8 17. Bc2 Qa8 18. Nc7 Qc8 19. Nb5 Qa8 20. Nc7 Qc8 21.
Nb5 Qa8 1/2-1/2

[Event "PRO League Group Stage"]
[Site "chess.com INT"]
[Date "2019.03.14"]
[Round "10"]
[White "Hauge, Lars Oskar"]
[Black "Skuhala, Jernej"]
[Result "1-0"]
[WhiteTitle "IM"]
[BlackTitle "FM"]
[WhiteElo "2466"]
[BlackElo "2277"]
[WhiteTeam "Norway Gnomes"]
[BlackTeam "Ljubljana Turtles"]
[WhiteFideId "1509276"]
[BlackFideId "14605651"]
[EventDate "2019.01.08"]

1. d4 Nf6 2. Bg5 d5 3. Nc3 Nbd7 4. Qd3 e6 5. O-O-O c5 6. e4 cxd4 7. Qxd4 e5 8.
Qa4 d4 9. Nd5 Be7 10. Bxf6 Bxf6 11. Qa3 Be7 12. Qg3 O-O 13. Bb5 Bd6 14. Nf3 a6
15. Bxd7 Bxd7 16. Nxd4 Rc8 17. Nb3 Rc6 18. Kb1 f5 19. f3 a5 20. a3 b5 21. Rd2 b4
22. a4 Ra6 23. Rhd1 Bxa4 24. exf5 Kh8 25. Ne3 Qc7 26. f6 Rxf6 27. Nd5 Qf7 28.
Nxf6 Qxf6 29. f4 h6 30. Qd3 Rb6 31. Qe3 Bc7 32. fxe5 Qxe5 33. Qxe5 Bxe5 34. g3
Bf6 35. Nxa5 Be8 36. Nb3 Bg6 37. Re1 Kh7 38. h4 Rb5 39. Rf1 Be5 40. Rf3 Bh5 41.
Re3 Bf6 42. Rd6 Rf5 43. Rb6 Rf1+ 44. Ka2 Bg6 45. Re2 Rf3 46. Rxb4 Rxg3 47. Nd4
Rg4 48. c3 Bf7+ 49. Ne6 Rg1 50. c4 Rg4 51. Ka3 Rxh4 52. c5 Rh3+ 53. Ka4 Be8+ 54.
Ka5 Bh5 55. Re1 Rh2 56. c6 Rc2 57. Kb6 Bxb2 58. Nd4 Bxd4+ 59. Rxd4 Bf3 60. Rd6
Bxc6 61. Rxc6 Rg2 62. Kc7 h5 63. Kd6 g6 64. Ke5 Kh6 65. Kf4 h4 66. Kf3 Rg3+ 67.
Kf2 Kh5 68. Rg1 Ra3 69. Rcxg6 h3 70. R6g5+ Kh6 71. R5g3 Ra2+ 72. Ke3 Ra3+ 73.
Kf4 h2 74. Rh1 1-0

[Event "PRO League Group Stage"]
[Site "chess.com INT"]
[Date "2019.03.14"]
[Round "10"]
[White "Stevanic, David"]
[Black "Kaasen, Tor Fredrik"]
[Result "0-1"]
[WhiteTitle "FM"]
[BlackTitle "IM"]
[WhiteElo "2304"]
[BlackElo "2409"]
[WhiteTeam "Ljubljana Turtles"]
[BlackTeam "Norway Gnomes"]
[WhiteFideId "14613921"]
[BlackFideId "1516647"]
[EventDate "2019.01.08"]

1. e4 c5 2. Nf3 d6 3. d4 cxd4 4. Nxd4 Nf6 5. Nc3 a6 6. h3 e6 7. g4 Be7 8. Bg2
O-O 9. O-O Nc6 10. Be3 Nxd4 11. Bxd4 Nd7 12. Be3 Ne5 13. Qe2 b5 14. f4 Nc4 15.
Bc1 Bb7 16. b3 Nb6 17. Nd1 Rc8 18. Bb2 Qc7 19. Rc1 d5 20. e5 Bc5+ 21. Kh1 d4 22.
Bxb7 Qxb7+ 23. Qg2 Qxg2+ 24. Kxg2 Nd5 25. Kg3 Bb6 26. c3 dxc3 27. Nxc3 Nb4 28.
Rcd1 Rfd8 29. Rxd8+ Rxd8 30. a3 Nd3 31. Bc1 Nc5 32. b4 Rd3+ 33. Rf3 Rxc3 34.
Rxc3 Ne4+ 35. Kf3 Nxc3 36. Bb2 Na4 37. Bc1 Kf8 38. Ke4 Ke7 39. f5 Kd7 40. f6
gxf6 41. exf6 Nc3+ 42. Kf4 Nd5+ 43. Kg5 Bd4 44. Kh6 Nxf6 45. g5 Ne4 46. Kxh7 Bf2
47. Kg7 Ke8 48. Bb2 Nxg5 49. Bf6 Nxh3 50. Be5 Ng5 51. Kf6 Ne4+ 52. Kg7 f5 53.
Kg6 Bg3 54. Kg7 Bxe5+ 55. Kg8 f4 56. Kh7 f3 0-1

[Event "PRO League Group Stage"]
[Site "chess.com INT"]
[Date "2019.03.14"]
[Round "10"]
[White "Lagarde, Maxime"]
[Black "Vachier-Lagrave, Maxime"]
[Result "0-1"]
[WhiteTitle "GM"]
[BlackTitle "GM"]
[WhiteElo "2604"]
[BlackElo "2780"]
[WhiteTeam "Cannes Blitzstreams"]
[BlackTeam "Marseille Migraines"]
[WhiteFideId "662399"]
[BlackFideId "623539"]
[EventDate "2019.01.08"]

1. d4 Nf6 2. c4 g6 3. Nc3 d5 4. Bf4 Bg7 5. Qb3 dxc4 6. Qxc4 Be6 7. Qxc7 Qxc7 8.
Bxc7 Nc6 9. e3 Rc8 10. Bg3 O-O 11. Nf3 Nb4 12. Kd2 Rxc3 13. Kxc3 a5 14. Kd2 Ne4+
15. Kd1 Rc8 16. Ne1 Bxa2 17. Rxa2 Nxa2 18. Nc2 e5 19. Bd3 Nxg3 20. hxg3 exd4 21.
exd4 Bxd4 22. Kd2 Bxb2 23. Rb1 Bc3+ 24. Ke3 Bb4 25. Rb2 Nc3 26. Kf3 Na4 27. Rb1
Rc3 28. Ke2 Rc6 29. Nxb4 Nc3+ 30. Kf1 Rd6 31. Re1 axb4 32. Bc4 Kf8 33. Ra1 b5
34. Bb3 Rd2 35. Ra8+ Kg7 0-1

[Event "PRO League Group Stage"]
[Site "chess.com INT"]
[Date "2019.03.14"]
[Round "10"]
[White "Fressinet, Laurent"]
[Black "Cornette, Matthieu"]
[Result "1-0"]
[WhiteTitle "GM"]
[BlackTitle "GM"]
[WhiteElo "2655"]
[BlackElo "2587"]
[WhiteTeam "Marseille Migraines"]
[BlackTeam "Cannes Blitzstreams"]
[WhiteFideId "608742"]
[BlackFideId "620084"]
[EventDate "2019.01.08"]

1. d4 Nf6 2. Nf3 e6 3. Bg5 c5 4. e3 b6 5. Nbd2 Bb7 6. c3 Be7 7. Bd3 cxd4 8. cxd4
h6 9. Bh4 O-O 10. O-O d6 11. Qe2 Nd5 12. Bxe7 Qxe7 13. a3 Nd7 14. Ba6 N7f6 15.
Rac1 Rfc8 16. g3 Bxa6 17. Qxa6 Qd7 18. e4 Nc7 19. Qb7 Nfe8 20. Rc2 Qa4 21. Rfc1
Rab8 22. Qc6 Qxc6 23. Rxc6 Kf8 24. d5 Ke7 25. e5 Kd7 26. exd6 Nxd6 27. Ne5+ Ke7
28. Ndc4 Nce8 29. Nxd6 Nxd6 30. Rc7+ Ke8 31. dxe6 fxe6 32. R7c6 Ke7 33. Rd1 Nf5
34. Rd7+ Kf6 35. f4 a5 36. Rf7# 1-0

[Event "PRO League Group Stage"]
[Site "chess.com INT"]
[Date "2019.03.14"]
[Round "10"]
[White "Libiszewski, Fabien"]
[Black "Moussard, Jules"]
[Result "0-1"]
[WhiteTitle "GM"]
[BlackTitle "GM"]
[WhiteElo "2481"]
[BlackElo "2605"]
[WhiteTeam "Cannes Blitzstreams"]
[BlackTeam "Marseille Migraines"]
[WhiteFideId "616834"]
[BlackFideId "642908"]
[EventDate "2019.01.08"]

1. e4 a6 2. d4 e6 3. Bd3 b5 4. Nf3 Bb7 5. O-O Nf6 6. Nbd2 Be7 7. c3 d6 8. a4
bxa4 9. Qxa4+ Nbd7 10. Re1 O-O 11. Qc2 h6 12. e5 dxe5 13. dxe5 Nd5 14. Ne4 Nc5
15. Nxc5 Bxc5 16. Qe2 Ne7 17. Rd1 Qe8 18. Be4 Bxe4 19. Qxe4 a5 20. Be3 Bxe3 21.
Qxe3 Qb5 22. Rd2 a4 23. Nd4 Qb6 24. Rad1 Ra5 25. Qe2 Ng6 26. Nf3 Rb5 27. h4 Rb8
28. Rd8+ Nf8 29. Rxb8 Qxb8 30. Rd2 Qb6 31. Kh2 Rd5 32. Rxd5 exd5 33. Nd4 c5 34.
Nf5 Qe6 35. Ng3 Ng6 36. Qb5 Nxh4 37. Qxa4 Ng6 38. f4 Qg4 39. Nf1 Nxf4 0-1